000 00450nam a2200157Ia 4500
005 20250429105433.0
008 231217s9999 xx 000 0 und d
020 _a9780932633132
082 _a745.2 GAU;1 R
100 _aGause, Donald C. Weinberg, Gerald M.
245 0 _aExploring requirements : quality before design
260 _c1989
_bDosset House
_aNew York
300 _axvi+297
650 _arequirements,:Quality,before
942 _cAA
999 _c182533
_d182533